| 000 | 01086nam a22002775a 4500 | ||
|---|---|---|---|
| 003 | OSt | ||
| 005 | 20170116125455.0 | ||
| 008 | 161126s2000 ua frb 000 0 ara d | ||
| 015 | _a2000/17467 | ||
| 020 | _a9770431729 | ||
| 040 |
_aEG-ScBUE _bara _cEG-ScBUE |
||
| 082 | 0 | 4 |
_a340.9 _bس ل ا _222 |
| 100 | 1 | _aسلامة، أحمد عبد الكريم. | |
| 245 | 1 | 2 |
_aالقانون الدولي الخاص النوعي : _bالإلكتروني . السياحي . البيئي / _cتأليف أحمد عبد الكريم سلامة. |
| 250 | _aط. 1. | ||
| 260 |
_aالقاهرة : _bدار النهضة العربية، _c2000. |
||
| 300 |
_a303، 14 ص. ؛ _c24 سم. |
||
| 504 | _aيشتمل على إرجاعات ببليوجرافية. | ||
| 650 | 7 |
_aالقانون الدولي الخاص _2BUEsh |
|
| 650 | 7 |
_aالحاسبات الإلكترونية (قانون دولي) _2BUEsh |
|
| 650 | 7 |
_aالسياحة (قانون دولي) _2BUEsh |
|
| 650 | 7 |
_aالبيئة (قانون دولي) _2BUEsh |
|
| 651 | _2BUEsh | ||
| 653 |
_bLLAAWW _cNovember2016 |
||
| 942 | _2ddc | ||
| 999 |
_c23334 _d23306 |
||